El Ateneo en el tricentenario del traslado de la Casa de Contratación (1717-2017) : (Record no. 193118)

MARC details
000 -LEADER
campo de control de longitud fija 01832nam a2200409 i 4500
001 - NÚMERO DE CONTROL
campo de control 193118
003 - IDENTIFICADOR DE NÚMERO DE CONTROL
campo de control SpMaBN
005 - FECHA Y HORA DE LA ÚLTIMA TRANSACCIÓN
campo de control 20250711181205.0
007 - CAMPO FIJO DE DESCRIPCIÓN FÍSICA--INFORMACIÓN GENERAL
campo de control de longitud fija ta
008 - DATOS DE LONGITUD FIJA--INFORMACIÓN GENERAL
campo de control de longitud fija 230821s2019 sp a | |||| 000 0 spa
017 ## - NÚMERO DE COPYRIGHT O DE DEPÓSITO LEGAL
Número de copyright o de depósito legal CA 141-2019
Agencia que asigna Oficina Depósito Legal Cádiz
020 ## - NÚMERO INTERNACIONAL ESTÁNDAR DEL LIBRO
Número Internacional Estándar del Libro 9788409087464
035 ## - NÚMERO DE CONTROL DEL SISTEMA
Número de control de sistema (OCoLC)1192397088
035 ## - NÚMERO DE CONTROL DEL SISTEMA
Número de control de sistema a6619128
040 ## - FUENTE DE CATALOGACIÓN
Centro catalogador/agencia de origen SpMaBN
Lengua de catalogación spa
Centro/agencia transcriptor SpMaBN
Normas de descripción rda
080 ## - NÚMERO DE LA CLASIFICACIÓN DECIMAL UNIVERSAL
Número de la Clasificación Decimal Universal 325.456(460)(091)
080 ## - NÚMERO DE LA CLASIFICACIÓN DECIMAL UNIVERSAL
Número de la Clasificación Decimal Universal 94(460.355.2)"17"
245 03 - MENCIÓN DEL TÍTULO
Título El Ateneo en el tricentenario del traslado de la Casa de Contratación (1717-2017) :
Mención de responsabilidad, etc. idea original y coordinación, José Ramón Pérez Díaz-Alersi ; colaboradores, Ignacio Moreno Aparicio [y otros veintiocho] ; ilustraciones y fotografías, José Manuel Vera Borja [y otros nueve]
264 #1 - PRODUCCIÓN, PUBLICACIÓN, DISTRIBUCIÓN, FABRICACIÓN Y COPYRIGHT
Producción, publicación, distribución, fabricación y copyright Cádiz :
Nombre del de productor, editor, distribuidor, fabricante Ateneo Literario, Artístico y Científico de Cádiz,
Fecha de producción, publicación, distribución, fabricación o copyright [2019]
300 ## - DESCRIPCIÓN FÍSICA
Extensión 327 páginas :
Otras características físicas fotografías (color), ilustraciones (color) ;
Dimensiones 31 cm
336 ## - TIPO DE CONTENIDO
Término de tipo de contenido Texto
Fuente rdacontent
337 ## - TIPO DE MEDIO
Nombre/término del tipo de medio sin mediación
Fuente rdamedia
338 ## - TIPO DE SOPORTE
Nombre/término del tipo de soporte volumen
Fuente rdacarrier
500 ## - NOTA GENERAL
Nota general Catalogación provisional. Signatura: N 8602. Depósito J.
610 27 - PUNTO DE ACCESO ADICIONAL DE MATERIA--NOMBRE DE ENTIDAD CORPORATIVA
Nombre de entidad corporativa o nombre de jurisdicción como elemento de entrada Casa de Contratación (España)-
Subdivisión de forma Historia
9 (RLIN) 158553
Subdivisión general Historia
651 #0 - PUNTO DE ACCESO ADICIONAL DE MATERIA--NOMBRE GEOGRÁFICO
Nombre geográfico Cádiz-
Subdivisión general Historia-
Subdivisión cronológica S.XVIII
9 (RLIN) 233974
700 1# - ENTRADA AGREGADA--NOMBRE PERSONAL
Nombre de persona Pérez Díaz-Alersi, José Ramón
9 (RLIN) 233975
700 1# - ENTRADA AGREGADA--NOMBRE PERSONAL
Nombre de persona Moreno Aparicio, Ignacio
9 (RLIN) 233976
700 1# - ENTRADA AGREGADA--NOMBRE PERSONAL
Nombre de persona Vera Borja, José Manuel
9 (RLIN) 233977
710 2# - ENTRADA AGREGADA--NOMBRE DE ENTIDAD CORPORATIVA
Nombre de entidad corporativa o nombre de jurisdicción como elemento de entrada Ateneo Literario, Artístico y Científico de Cádiz
9 (RLIN) 148715
852 ## - LOCALIZACIÓN
Ubicación ES-MaACL
itemnumber 200431
Sublocalización o colección R.152921
Número de control de estantería N-8602
Ubicación en estantería Depósito J
Encuadernación Cartoné
Donativo/Legado Donación: Editorial
Nota libre En proceso
942 ## - ELEMENTOS DE ENTRADA SECUNDARIOS (KOHA)
Suprimir en OPAC No
Tipo de ítem Koha Libro impreso
Holdings
Estatus retirado Estado de pérdida Fuente del sistema de clasificación o colocación Estado de daño No para préstamo Biblioteca de origen Biblioteca actual Ubicación en estantería Fecha de adquisición Fuente de adquisición Total de préstamos Signatura topográfica completa Código de barras Visto por última vez Precio de reemplazo Tipo de ítem Koha
    Clasificación decimal universal     Biblioteca del Ateneo de Madrid Biblioteca del Ateneo de Madrid Depósito J 21/08/2023 Donación   N-8602 101205724 21/08/2023 21/08/2023 Libro impreso